ՀՀ Գիտությունների ազգային ակադեմիայի հիմնարար գիտական գրադարան  =   Fundamental Scientific Library of NAS RA

Պրոլետարական յերեխաների միջազգային հավաքը / (Record no. 509975)

MARC details
000 -LEADER
fixed length control field 00743nam a2200217 a 4500
001 - CONTROL NUMBER
control field 000505867
003 - CONTROL NUMBER IDENTIFIER
control field AM-YEHGA
005 - DATE AND TIME OF LATEST TRANSACTION
control field 20250618075920.0
008 - FIXED-LENGTH DATA ELEMENTS--GENERAL INFORMATION
fixed length control field 061026s1930 ai | |||||||||||||arm|d
040 ## - CATALOGING SOURCE
Original cataloging agency AM-YeHGA
041 1# - LANGUAGE CODE
Language code of text/sound track or separate title arm
090 ## - LOCALLY ASSIGNED LC-TYPE CALL NUMBER (OCLC); LOCAL CALL NUMBER (RLIN)
-- 513438
100 0# - MAIN ENTRY--PERSONAL NAME
Personal name Շինկել
245 10 - TITLE STATEMENT
Title Պրոլետարական յերեխաների միջազգային հավաքը /
Statement of responsibility, etc. Շինկել; Թարգմ.՝ Ամեռ.
246 14 - VARYING FORM OF TITLE
Title proper/short title 2 պիոներական հավաքը
260 ## - PUBLICATION, DISTRIBUTION, ETC.
Place of publication, distribution, etc. Մոսկվա :
Name of publisher, distributor, etc. ԽՍՀՄ ժող. կենտր. հրատ.,
Date of publication, distribution, etc. 1930.
300 ## - PHYSICAL DESCRIPTION
Extent 20 էջ ;
Dimensions 20 սմ.
650 14 - SUBJECT ADDED ENTRY--TOPICAL TERM
Topical term or geographic name entry element Պատանի պիոներների կազմակերպություն
9 (RLIN) 5068
700 0# - ADDED ENTRY--PERSONAL NAME
Personal name Ամեռ
Relator term թարգմ.
Relationship trl
9 (RLIN) 25
942 ## - ADDED ENTRY ELEMENTS (KOHA)
Source of classification or shelving scheme Universal Decimal Classification
Koha item type Գրքեր / Books
Holdings
Withdrawn status Lost status Damaged status Not for loan Collection Home library Current library Date acquired Total checkouts Full call number Barcode Date last seen Price effective from Koha item type Public note
        Kusikian Individual Collection Fundamental Scientific Library Fundamental Scientific Library 23/06/2021   Կուս/3256 FL0649571 23/06/2021 23/06/2021 Գրքեր / Books ILL Non Circ


ՀՀ ԳԱԱ հիմնարար գիտական գրադարան
ՀՀ,Երևան 0019
Մարշալ Բաղրամյան 24/6
հեռախոս:(374-10) 52-47-50
Հետադարձ կապ

All site content, except where otherwise noted, is licensed under a
Creative Commons License